000 04752cam a22004694i 4500
003 PE-LiUPU
005 20250731165418.0
008 151211s2012 pe a grm 000 0 spa d
035 _a(Sirsi) a155495
040 _aPE-LiUPU
_bspa
_cPE-LiUPU
_erda
082 0 4 _a222.13
_b64 T3
099 _aTT 3
_bO64 2012
100 1 _aOrellana Méndez, Michael Christian
_eautor
245 1 _aPrincipios éticos que derivan del jubileo según Levítico 25 /
_cMichael Christian Orellana Mendez.
264 0 _c2012.
300 _a197 hojas :
_bilustraciones;
_c28 cm
336 _atext
_2rdacontent
337 _aunmediated
_2rdamedia
338 _avolume
_2rdacarrier
502 _aTesis
_b(Mg.) --
_cUniversidad Peruana Unión,
_d2012.
504 _aIncluye referencias
520 3 _aEsta investigación es un estudio exegético- sistemático que se basa en tres tipos de análisis: (1) Es estudio de la relación entre el jubileo bíblico y el contexto legal del ACO; (2) El análisis literario del código legal de Levítico 25; (3) El análisis de los conceptos tratados por el jubileo. El objetivo de este estudio es conocer los principios éticos que se derivan del jubileo, tal como está presentado en Levítico 25. El estudio más antiguo acerca del jubileo es el estudio sociológico del jubileo que realizó Roberth North. Esta investigación intentó revelar el significado del jubileo en el contexto de la sociedad del ACO. Un aspecto importante a favor de esta tesis fue el esfuerzo por entender el jubileo en su contexto social e histórico. Sin embargo, su estudio representó sólo uno de los eslabones en la cadena hermenéutica: entender el contexto sociológico del jubileo. Algunos años después, en 1986, George E. McLaughlin publicó su tesis sobre un estudio teológico de Levítico 25 con aplicación al campo de la ética moderna. El autor agrupó los temas teológicos del jubileo en cuatro secciones que describe muy brevemente: el reino de Dios, la propiedad de Dios, los derechos de la tierra y los derechos humanos. Luego discute los temas teológicos del jubileo con la filosofía ecologista de Aldo Leupold. Finalmente, sugiere diversas ideas intrínsecas al jubileo y cómo el cristianismo de hoy las puede aplicar. La tesis explica el significado tipológico del jubileo como renovación de la creación. Sin embargo, no analiza el idioma original del capítulo 25 de Levítico y no aclara cómo traducir su contenido a la ética.Esta investigación es un estudio exegético- sistemático que se basa en tres tipos de análisis: (1) Es estudio de la relación entre el jubileo bíblico y el contexto legal del ACO; (2) El análisis literario del código legal de Levítico 25; (3) El análisis de los conceptos tratados por el jubileo. El objetivo de este estudio es conocer los principios éticos que se derivan del jubileo, tal como está presentado en Levítico 25. El estudio más antiguo acerca del jubileo es el estudio sociológico del jubileo que realizó Roberth North. Esta investigación intentó revelar el significado del jubileo en el contexto de la sociedad del ACO. Un aspecto importante a favor de esta tesis fue el esfuerzo por entender el jubileo en su contexto social e histórico. Sin embargo, su estudio representó sólo uno de los eslabones en la cadena hermenéutica: entender el contexto sociológico del jubileo. Algunos años después, en 1986, George E. McLaughlin publicó su tesis sobre un estudio teológico de Levítico 25 con aplicación al campo de la ética moderna. El autor agrupó los temas teológicos del jubileo en cuatro secciones que describe muy brevemente: el reino de Dios, la propiedad de Dios, los derechos de la tierra y los derechos humanos. Luego discute los temas teológicos del jubileo con la filosofía ecologista de Aldo Leupold. Finalmente, sugiere diversas ideas intrínsecas al jubileo y cómo el cristianismo de hoy las puede aplicar. La tesis explica el significado tipológico del jubileo como renovación de la creación. Sin embargo, no analiza el idioma original del capítulo 25 de Levítico y no aclara cómo traducir su contenido a la ética.
526 _aSEG44
526 _aSEG26
526 _aP151
526 _aP150
526 _aP149
526 _aP146
526 _aP145
526 _aP126
526 _aP125
526 _aP92
526 _aP75
526 _aP74
526 _aP27
526 _aP15
650 0 4 _aÉtica en la biblia
_vTesis.
630 0 4 _aBiblia
_pA.T.
_pLevítico 25
_xComentarios
_vTesis.
596 _a1
942 _2ddc
_cTESIS
999 _aTT 3 O64 2012
_wALPHANUM
_c8173
_iT01307
_d8173
_lCCODEBUL3
_mBUL
_q1
_r1
_sY
_tTESIS
_u2015-12-11
_xPOSGRADO
_PP85
_o.STAFF. Tesis
980 _81
_gALBERTO SANCHEZ Responsable de Automatización